| 000 | 00767nam a2200253 a 4500 | ||
|---|---|---|---|
| 008 | |||
| 020 | _a007291873X (hbk. ) | ||
| 049 | _aMAIN | ||
| 090 |
_aTA345 _bCHA |
||
| 100 | 1 | _aChapra, Steven C. | |
| 245 | 1 | 0 |
_aNumerical methods for engineers / _cSteven C. Chapra [and] Raymond P. Canale. |
| 250 | _a5th ed. | ||
| 260 |
_aBoston : _bMcGraw-Hill, _c2006. |
||
| 300 |
_axviii, 926 p. : _bill, ; _c24 cm. |
||
| 650 | _aMicrocomputers. | ||
| 650 |
_aNumerical calculations _vData processing. |
||
| 650 | 1 |
_aEngineering mathematics _vData processing. |
|
| 700 | _aCanale, Raymond P. | ||
| 907 |
_a.b10288600 _b11-03-11 _c14-12-10 |
||
| 003 | |||
| 005 | 20230123125153.0 | ||
| 040 | _cNUST | ||
| 942 |
_cBOOKS _kTA345 _mCHA |
||
| 999 |
_c136925 _d136925 |
||